| 000 | 00000nam##2200000za#4500 |
| 001 | 9.577395 |
| 003 | CaOODSP |
| 005 | 20210624185606 |
| 007 | cr ||||||||||| |
| 008 | 150406|2001||||xxc|||||o f|0| 0 eng|d |
| 040 | |aCaOODSP|beng |
| 043 | |an-cn--- |
| 086 | 1 |aFs97-13/1080E-PDF |
| 110 | 1 |aCanada. |bDepartment of Fisheries and Oceans. |
| 245 | 10|aWeekly fish counts from in-river traps and barrier pools in the Miramichi River, New Brunswick, 1994 to 1999 / |h[electronic resource]|cby J. Hayward. |
| 260 | |aMoncton - New Brunswick : |bFisheries and Oceans Canada |c2001. |
| 300 | |a106p.|bfigs., references, tables |
| 490 | 1 |aCanadian data report of fisheries and aquatic sciences|vNo. 1080 |
| 500 | |aOn t.p.: Gulf Fisheries Management Region, Science Branch Diadromous Fish, Moncton, NB. The catalogue number and ISSN for the print edition appear in the PDF version. |
| 546 | |a(Résumé en français) |
| 590 | |a13-22-Supp|b2013-09-26 |
| 720 | 1 |aHayward, J. |
| 830 | #0|aCanadian data report of fisheries and aquatic sciences ;|vNo. 1080|w(CaOODSP)9.505124 |
| 856 | 40|ahttp://publications.gc.ca|qPDF|s1936 KB|uhttps://publications.gc.ca/collections/collection_2013/mpo-dfo/Fs97-13-1080-eng.pdf|yNo. 1080 |